000 00661nam a2200265Ia 4500
005 20260306164105.0
008 008 260114s9999 xx 000 0 eng d
020 _a9781474438599
037 _aEBOOK
040 _aCRL
040 _beng
040 _cCRL
041 _2eng
041 _aeng
084 _qCRL
100 _aHengehold
_9897691
245 0 _aSimone De Beauvoir's Philosophy Of Individuation: The Problem Of The Second Sex
260 _bEdinburgh University Press
260 _c2019
650 _aPhilosophy
856 _uhttps://academic.oup.com/book/18157
942 _cEBOOK
999 _c1712716
_d1712716